000
00338nam a2200133Ia 4500
008
240624s9999 xx 000 0 und d
041
_a
eng
082
_a
658.421 KAY
100
_a
KAYSER OLIVIER
245
_a
SCALING UP BUSINESS SOLUTIONS TO SOCIAL
260
_c
2015
_a
enterpreneurs
_b
Palgrave
300
_a
225 : p.
365
_c
ERU
_b
31
999
_c
27817
_d
27817